000 00618ntaaa2200193 4500
003 01
005 20251027202500.0
008 0714s1973 ag 01
040 _aAR-BaBN
_bspa
_cAR-BaBN
_eaacr
_dRIC
082 _a220.3000 R85
100 _aRuiz, Luis Alberto
_923747
245 _aDiccionario de la Biblia
250 _a1 ed.
260 _aBuenos Aires :
_bEditorial Mundi,
_c1963
300 _a3 Tomos
500 _aT.1 Historico-Geografico-Literario, T.2 Historico-Geografico-Literario, T3Temas y conceptos-Nombres comunes; Son cinco tomos en tres volumenes.
650 _aDiccionario Biblico
_93366
942 _cBK
999 _c19839
_d19839